[Event "Wch Seniors 65 26th"]
[Site "Marianske Lazne"]
[Date "2016.11.23"]
[Round "5"]
[White "Mittelbach, Zdenek"]
[Black "Dvorak, Pavel"]
[Result "1/2-1/2"]
[WhiteElo "1944"]
[BlackElo "1753"]
[PlyCount "60"]
[EventDate "2016.11.19"]
[EventType "swiss"]
[EventRounds "11"]
[EventCountry "CZE"]
[SourceTitle "CBM 175 Extra"]
[Source "ChessBase"]
[SourceDate "2016.12.12"]
[SourceVersion "1"]
[SourceVersionDate "2016.12.12"]
[SourceQuality "1"]

1. c4 e5 2. Nc3 Nf6 3. Nf3 Nc6 4. e4 Bc5 5. Be2 0-0 6. 0-0 d6 7. d3 h6 8. h3 Be6 9. Na4 Bb6 10. Nxb6 axb6 11. Be3 Qe7 12. a3 Bd7 13. Nd2 Nd8 14. f4 exf4 15. Bxf4 Ne6 16. Be3 Bc6 17. Qe1 Kh8 18. Qf2 Ng5 19. Qh4 Nfh7 20. Kh1 Rae8 21. Bd4 Nxe4 22. Qxe7 Ng3+ 23. Kg1 Nxe2+ 24. Qxe2 Rxe2 25. Nf3 Ng5 26. Nh4 Kg8 27. Rf2 Rxf2 28. Kxf2 g6 29. Be3 Kg7 30. Bxg5 hxg5 1/2-1/2